[Event "35th Asia-ch U20"]
[Site "Sharjah UAE"]
[Date "2013.03.30"]
[Round "1.14"]
[White "Abeer, Ali"]
[Black "Hakimifard, Ghazal"]
[Result "0-1"]
[WhiteElo "1683"]
[BlackElo "2250"]

1.e4 Nc6 2.d4 d6 3.Bb5 a6 4.Bxc6+ bxc6 5.Nc3 Nf6 6.Nf3 Bg4 7.O-O e6 8.h3 
Bh5 9.Re1 Be7 10.Bf4 O-O 11.Qd3 Bg6 12.Qd2 Qb8 13.Rab1 d5 14.Ne5 Qb7 15.
Bg5 Rfe8 16.Nxg6 hxg6 17.e5 Nd7 18.Bxe7 Rxe7 19.Ne2 c5 20.c3 a5 21.a3 a4 
22.Nc1 cxd4 23.cxd4 c5 24.dxc5 Nxc5 25.Qd4 Rc7 26.Nd3 Nb3 27.Qb4 Qa7 28.
Nc1 Rc4 29.Qd6 Nd2 30.Ra1 Ne4 31.Rxe4 dxe4 32.Qd2 Rac8 33.Ne2 Rc2 34.Qd1 
e3 35.f3 Rd2 0-1

[Event "35th Asia-ch U20"]
[Site "Sharjah UAE"]
[Date "2013.03.30"]
[Round "1.15"]
[White "Hoang, Thi Nhu Y"]
[Black "Al-Khulaifi, Fatima A"]
[Result "1-0"]
[WhiteElo "2250"]
[BlackElo "1647"]

1.c4 c5 2.Nc3 Nc6 3.g3 g6 4.Bg2 Bg7 5.Nf3 Nf6 6.d4 d6 7.O-O O-O 8.h3 Bd7 
9.Be3 Nxd4 10.Nxd4 cxd4 11.Bxd4 Qc8 12.Nd5 Nxd5 13.Bxg7 Kxg7 14.cxd5 Bxh3 
15.Rc1 Qd7 16.Bxh3 Qxh3 17.Rc7 Rfe8 18.Qd4+ Kg8 19.Rxb7 Qc8 20.Rb3 Qa6 21.
e4 Reb8 22.Ra3 Qb6 23.Qxb6 Rxb6 24.b3 a6 25.Rc1 Ra7 26.Rc6 Rxc6 27.dxc6 a5
28.b4 Rc7 29.b5 Kf8 30.Rxa5 Rc8 31.b6 1-0

[Event "35th Asia-ch U20"]
[Site "Sharjah UAE"]
[Date "2013.03.30"]
[Round "1.16"]
[White "Al Dhaffari, Salma"]
[Black "Vo, Thi Kim Phung"]
[Result "0-1"]
[WhiteElo "1574"]
[BlackElo "2193"]

1.d4 Nf6 2.c4 e6 3.Nc3 Bb4 4.Qc2 c5 5.e3 O-O 6.Nf3 Nc6 7.a3 Bxc3+ 8.bxc3 
d6 9.Bd3 e5 10.Bb2 Re8 11.Be2 b6 12.O-O Ba6 13.Nd2 Na5 14.d5 e4 15.f3 Nxd5
16.cxd5 Bxe2 17.Rf2 Bd3 18.Qd1 c4 19.fxe4 Bxe4 20.Nxe4 Rxe4 21.Qf3 Qe7 22.
Raf1 f6 23.Re1 Re8 24.Rfe2 Qe5 25.Kf2 Nb3 26.Rd1 Qxh2 27.Qf5 Nc5 0-1

[Event "35th Asia-ch U20"]
[Site "Sharjah UAE"]
[Date "2013.03.30"]
[Round "1.19"]
[White "Pujari, Rucha"]
[Black "Mariam, Essa"]
[Result "1-0"]
[WhiteElo "2121"]
[BlackElo "1373"]

1.d4 d5 2.Nf3 Bf5 3.g3 e6 4.Bg2 c5 5.O-O Nc6 6.e3 Nf6 7.b3 Nb4 8.Ne1 cxd4 
9.a3 dxe3 10.axb4 exf2+ 11.Rxf2 Bxb4 12.Nd3 Ne4 13.Nxb4 Nxf2 14.Kxf2 Qb6+ 
15.Be3 Qxb4 16.Ra4 Qe7 17.c4 Qf6 18.Kg1 Qg6 19.Na3 O-O 20.cxd5 Rfd8 21.g4 
Bd3 22.Rd4 Ba6 23.b4 b5 24.dxe6 Rxd4 25.Qxd4 Rf8 26.e7 1-0

[Event "35th Asia-ch U20"]
[Site "Sharjah UAE"]
[Date "2013.03.30"]
[Round "1.20"]
[White "Kalbani, Wadema"]
[Black "Kurbonboeva, Sarvinoz"]
[Result "1/2-1/2"]
[WhiteElo "1365"]
[BlackElo "2098"]

1.e4 c5 2.Nf3 Nc6 3.Bb5 g6 4.Bxc6 dxc6 5.O-O Bg7 6.Nc3 Nf6 7.d3 Bg4 8.h3 
Bxf3 9.Qxf3 O-O 10.Be3 b6 11.Rad1 Ne8 12.Qg3 Nc7 13.f4 Ne6 14.e5 Nd4 15.
Qf2 f6 16.Bxd4 cxd4 17.exf6 exf6 18.Ne4 f5 19.Ng5 Re8 20.Qh4 h6 21.Nf3 
Qxh4 22.Nxh4 Kf7 23.Rde1 Re3 24.Nf3 Rae8 25.Kf2 c5 26.b3 R3e7 27.Rxe7+ 
Rxe7 28.Re1 Rc7 29.a4 a6 30.Ne5+ Bxe5 31.Rxe5 1/2-1/2

[Event "35th Asia-ch U20"]
[Site "Sharjah UAE"]
[Date "2013.03.31"]
[Round "2.13"]
[White "Derakhshani, Dorsa"]
[Black "Nguyen, Thi Mai Hung"]
[Result "0-1"]
[WhiteElo "2007"]
[BlackElo "2271"]

1.e4 c5 2.Nf3 g6 3.d4 cxd4 4.Nxd4 Nc6 5.Be3 Nf6 6.Nc3 Bg7 7.Be2 O-O 8.Nb3 
d6 9.O-O Be6 10.f4 Rc8 11.h3 a6 12.Bf3 Nd7 13.f5 Bc4 14.Be2 Nce5 15.Nd2 b5
16.Bd4 Bxe2 17.Nxe2 Nc5 18.Nf4 Bh6 19.Qe1 Ncd7 20.Rc1 Qa5 21.Qf2 Nc6 22.
Nb3 Qa4 23.Rcd1 Nxd4 24.Rxd4 Qxa2 25.Nd3 Ne5 26.Nb4 Qxb2 27.Rdd1 Rfe8 28.
Rb1 Qc3 29.Nd5 Qxc2 30.Qh4 Bf8 31.f6 e6 32.Ne3 Qd3 33.Ng4 Nxg4 34.Qxg4 Rc4
35.Rfe1 d5 0-1

[Event "35th Asia-ch U20"]
[Site "Sharjah UAE"]
[Date "2013.03.31"]
[Round "2.14"]
[White "Hakimifard, Ghazal"]
[Black "Madhurima, Shekhar"]
[Result "1-0"]
[WhiteElo "2250"]
[BlackElo "1991"]

1.e4 e6 2.d4 d5 3.Nd2 c5 4.exd5 Qxd5 5.Ngf3 cxd4 6.Bc4 Qd6 7.O-O Nf6 8.Nb3
Nc6 9.Nbxd4 Nxd4 10.Nxd4 a6 11.Re1 Qc7 12.Qe2 Bc5 13.c3 b5 14.Bd3 O-O 15.
Bg5 Nd5 16.Qh5 g6 17.Qh4 Bb7 18.Nf3 Bd6 19.Rac1 Bf4 20.Rc2 f6 21.Bh6 Bxh6 
22.Qxh6 Nf4 23.Be4 e5 24.Nd2 Rad8 25.Qh4 f5 26.Bxb7 Qxb7 27.Qg3 Rd3 28.f3 
Rd5 29.c4 bxc4 30.Nxc4 Nd3 31.Rf1 Qe7 32.Kh1 Kg7 33.b3 h5 34.f4 Nxf4 35.
Qc3 Kg8 36.Nb6 Rd3 37.Qa5 e4 38.Qxa6 e3 39.Qc4+ Qe6 40.Qxf4 Qxb6 41.Qc4+ 
1-0

[Event "35th Asia-ch U20"]
[Site "Sharjah UAE"]
[Date "2013.03.31"]
[Round "2.15"]
[White "Assaubayeva, Diana"]
[Black "Hoang, Thi Nhu Y"]
[Result "1/2-1/2"]
[WhiteElo "1966"]
[BlackElo "2250"]

1.c4 Nf6 2.Nc3 d5 3.cxd5 Nxd5 4.g3 g6 5.Bg2 Nxc3 6.bxc3 Bg7 7.Nf3 O-O 8.
O-O c5 9.d4 cxd4 10.cxd4 Nc6 11.Bb2 Bf5 12.Ne5 Nxe5 13.dxe5 Qa5 14.Qd5 Qa6
15.e3 Rfd8 16.Qc5 Rd7 17.Bd4 b6 18.Qb4 Rc8 19.a4 Qa5 20.Qxa5 bxa5 21.Rfc1 
Rdc7 22.Rxc7 Rxc7 23.f4 Bf8 24.Ra3 Rc1+ 25.Kf2 Rc2+ 26.Kg1 a6 27.Rc3 Ra2 
28.Bc6 e6 29.Bc5 Ra1+ 30.Kf2 Ra2+ 31.Kg1 Ra1+ 32.Kf2 Bh3 33.Bxf8 Ra2+ 34.
Kg1 Kxf8 35.Rd3 Ra1+ 36.Kf2 Ra2+ 37.Kg1 Ra1+ 38.Kf2 Rf1+ 39.Ke2 Rc1 40.
Rd8+ Kg7 41.Be8 Rc2+ 42.Rd2 Rc8 43.Bd7 Bg4+ 44.Kf2 Rc7 45.Rd6 Rc2+ 46.Kg1 
Rc1+ 47.Kf2 Rc2+ 48.Kg1 Be2 49.Bc6 Rc5 50.Bb7 Rc1+ 51.Kf2 Rc2 52.Ke1 Bg4 
53.Bxa6 Rxh2 54.Bf1 Ra2 55.Rd4 h5 56.e4 g5 57.fxg5 Kg6 58.Bb5 Rc2 59.Rd7 
Rc5 60.Ra7 Rxe5 61.Kf2 Bd1 62.Be8 Kxg5 63.Rxf7 Rxe4 64.Rg7+ Kf6 65.Rf7+ 
Ke5 66.Ra7 Kd4 67.Rxa5 Re2+ 68.Kf1 Ra2 69.Bxh5 Bxh5 70.Rxh5 e5 71.g4 Rxa4 
72.g5 Ra1+ 73.Kf2 e4 74.Rh3 Ra2+ 75.Kf1 e3 76.g6 Kd3 77.g7 Ra8 78.Rg3 Rg8 
79.Rg2 Rc8 80.Rg3 Kd2 81.Rg2+ Kd3 82.Rg3 1/2-1/2

[Event "35th Asia-ch U20"]
[Site "Sharjah UAE"]
[Date "2013.03.31"]
[Round "2.16"]
[White "Vo, Thi Kim Phung"]
[Black "Shristi, J. Shetty"]
[Result "1-0"]
[WhiteElo "2193"]
[BlackElo "1913"]

1.d4 Nf6 2.c4 c5 3.d5 e6 4.Nc3 exd5 5.cxd5 d6 6.Qa4+ Bd7 7.Qb3 Na6 8.e4 
Rb8 9.a4 Nb4 10.Nf3 g6 11.Be2 Qe7 12.O-O Bg7 13.Bg5 O-O 14.Rfe1 h6 15.Bxf6
Qxf6 16.Rad1 a6 17.e5 dxe5 18.Ne4 Qb6 19.Nfd2 Bf5 20.Bf3 g5 21.h3 Rbd8 22.
Nc4 Qa7 23.Ne3 Bg6 24.Qc4 b6 25.g4 a5 26.Nf5 Bxf5 27.gxf5 Qd7 28.f6 Bh8 
29.Bg4 Qxa4 30.b3 Qe8 31.Bf5 Rb8 32.Qe2 Qd8 33.Qh5 Bg7 34.h4 g4 35.Qxg4 
1-0

[Event "35th Asia-ch U20"]
[Site "Sharjah UAE"]
[Date "2013.03.31"]
[Round "2.18"]
[White "Nandhidhaa, Pv"]
[Black "Safar, Reem"]
[Result "1-0"]
[WhiteElo "2150"]
[BlackElo "1716"]

1.e4 c6 2.d4 d5 3.exd5 cxd5 4.Bd3 Nc6 5.c3 Nf6 6.Bf4 Bg4 7.Qb3 Na5 8.Qa4+ 
Bd7 9.Qc2 Qb6 10.a4 Rc8 11.Nd2 Nc6 12.Qb1 e5 13.a5 Qc7 14.dxe5 Nxe5 15.Ne2
Bd6 16.O-O O-O 17.Nd4 Nf3+ 18.N2xf3 Bxf4 19.h3 g6 20.Rd1 a6 21.Bc2 Rfe8 
22.Bb3 Qc5 23.Qd3 Bb8 24.Ng5 Ne4 25.Ngf3 Qd6 26.Qf1 Ba7 27.Nd2 Bb8 28.N4f3
Nxd2 29.Rxd2 Qf6 30.Bxd5 g5 31.Rad1 Bc6 32.Bxc6 Rxc6 33.Rd5 g4 34.hxg4 Qf4
35.Rf5 1-0

[Event "35th Asia-ch U20"]
[Site "Sharjah UAE"]
[Date "2013.03.31"]
[Round "2.19"]
[White "Yagi, Rita"]
[Black "Pujari, Rucha"]
[Result "0-1"]
[WhiteElo "1767"]
[BlackElo "2121"]

1.e4 c5 2.Nf3 e6 3.d4 cxd4 4.Nxd4 a6 5.Bd3 Bc5 6.Nb3 Ba7 7.Qe2 d6 8.Nc3 
Nc6 9.Be3 Nge7 10.O-O e5 11.Kh1 Be6 12.Bxa7 Rxa7 13.Qe3 b5 14.a3 Rd7 15.
Rad1 O-O 16.f3 Kh8 17.Qc1 Qb6 18.Rfe1 b4 19.Na4 Qb8 20.Bf1 f5 21.Qe3 Bxb3 
22.Qxb3 Nd4 23.Qd3 fxe4 24.Qxe4 Rf4 25.Qd3 bxa3 26.bxa3 Ne6 27.Rxe5 Rd4 
28.Rxe6 Rxd3 29.Bxd3 Nc6 30.Rde1 Rd8 31.Nc3 Ne5 32.Bxa6 Qc7 33.Nd5 Qa5 34.
Nb4 Qxa3 35.Nc6 Qc3 36.R1xe5 dxe5 37.h3 Ra8 38.Bd3 Qd2 39.Rxe5 Qf4 40.Re1 
Qg3 41.Rb1 g6 42.Be4 Rc8 43.Ne7 Rd8 44.Nd5 Qe5 45.Ne3 Qf4 46.Nf1 Rd7 47.c4
Rc7 48.Bd5 Ra7 49.g3 Qf5 50.Rb8+ Kg7 51.g4 Qd3 52.Rg8+ Kh6 53.Kg2 Ra2+ 54.
Kg1 Qd4+ 55.Kh1 Qf2 0-1

[Event "35th Asia-ch U20"]
[Site "Sharjah UAE"]
[Date "2013.04.01"]
[Round "3.13"]
[White "Nguyen, Thi Mai Hung"]
[Black "Nandhidhaa, Pv"]
[Result "1-0"]
[WhiteElo "2271"]
[BlackElo "2150"]

1.d4 Nf6 2.Bf4 g6 3.e3 Bg7 4.Nf3 O-O 5.Be2 d6 6.O-O c5 7.c3 b6 8.a4 Bb7 9.
h3 Nbd7 10.Nbd2 a6 11.Bh2 Ra7 12.Bd3 Qa8 13.Qe2 Rc8 14.e4 d5 15.e5 Ne4 16.
Rae1 Nxd2 17.Nxd2 e6 18.f4 Bc6 19.Ra1 b5 20.a5 b4 21.Kh1 c4 22.Bc2 Rb7 23.
Nf3 Rcb8 24.g4 bxc3 25.bxc3 Rb2 26.Qd1 R8b7 27.f5 Qd8 28.Bf4 exf5 29.gxf5 
Nb8 30.Bg5 Qc8 31.Bc1 R2b5 32.Nh2 Bd7 33.e6 Be8 34.f6 Bh8 35.Ng4 Qxe6 36.
Nh6+ Kf8 37.Ba3+ Rb4 38.Qg4 1-0

[Event "35th Asia-ch U20"]
[Site "Sharjah UAE"]
[Date "2013.04.01"]
[Round "3.14"]
[White "Saranya, J"]
[Black "Hakimifard, Ghazal"]
[Result "0-1"]
[WhiteElo "2152"]
[BlackElo "2250"]

1.e4 c5 2.Nf3 e6 3.d4 cxd4 4.Nxd4 a6 5.c4 Nf6 6.Nc3 Bb4 7.Bd3 Nc6 8.Ne2 
Qc7 9.O-O Ne5 10.h3 O-O 11.Bf4 d6 12.Rc1 Bd7 13.a3 Bc5 14.b4 Ba7 15.Bg5 
Nh5 16.Kh1 h6 17.Bh4 Ng6 18.Bg3 Nxg3+ 19.Nxg3 Rac8 20.Qd2 Qd8 21.Be2 Qh4 
22.Kh2 Nf4 23.Bg4 f5 24.exf5 exf5 25.Bf3 Rxc4 26.Qxd6 Rd4 27.Bd5+ Nxd5 28.
Nxd5 Rf7 29.Rce1 f4 30.Ne2 Re4 31.Nec3 Rxe1 32.Rxe1 Qxf2 33.Ne7+ Rxe7 34.
Qxe7 f3 0-1

[Event "35th Asia-ch U20"]
[Site "Sharjah UAE"]
[Date "2013.04.01"]
[Round "3.15"]
[White "Pujari, Rucha"]
[Black "Vo, Thi Kim Phung"]
[Result "1/2-1/2"]
[WhiteElo "2121"]
[BlackElo "2193"]

1.d4 Nf6 2.Nf3 d5 3.g3 Bf5 4.Bg2 e6 5.O-O c5 6.c4 Nc6 7.cxd5 exd5 8.Nc3 h6
9.Bf4 Be7 10.Rc1 c4 11.b3 Ba3 12.Nb5 Bxc1 13.Nd6+ Kf8 14.Qxc1 Be6 15.bxc4 
Kg8 16.cxd5 Bxd5 17.Nxb7 Qe7 18.Qb2 Ne4 19.Nd2 g5 20.Bxe4 Bxe4 21.Bd6 Qe6 
22.f3 Bg6 23.e4 Nd8 24.e5 Qd5 25.Nxd8 Rxd8 26.Rc1 Kh7 27.Rc5 Qe6 28.d5 Qf5
29.Ne4 h5 30.e6 Rxd6 31.Nxd6 Qxf3 32.exf7 Rf8 33.Qf2 Qd1+ 34.Kg2 h4 35.
gxh4 Qg4+ 36.Qg3 Qe2+ 37.Qf2 Qg4+ 38.Qg3 Qe2+ 39.Qf2 Qg4+ 1/2-1/2

[Event "35th Asia-ch U20"]
[Site "Sharjah UAE"]
[Date "2013.04.01"]
[Round "3.18"]
[White "Savant, Riya"]
[Black "Derakhshani, Dorsa"]
[Result "1-0"]
[WhiteElo "1913"]
[BlackElo "2007"]

1.d4 Nf6 2.Nf3 e6 3.g3 d5 4.Bg2 Be7 5.O-O O-O 6.b3 c5 7.Bb2 Nbd7 8.Nbd2 
Ne4 9.c4 Nxd2 10.Nxd2 cxd4 11.cxd5 e5 12.Nc4 Bc5 13.Kh1 b5 14.Na3 Rb8 15.
Nc2 Qg5 16.f4 Qh5 17.e3 Qxd1 18.Rfxd1 dxe3 19.fxe5 Re8 20.d6 b4 21.Rac1 
Ba6 22.Ne1 e2 23.Rd5 Be3 24.Rc7 Bf2 25.Nc2 Nb6 26.d7 Red8 27.Rd6 e1=Q+ 28.
Nxe1 Bxe1 29.Rxa7 Bb5 30.Bh3 Bf2 31.Rc7 Kf8 32.Kg2 Be3 33.Kf3 Bg5 34.Bd4 
Na8 35.Rc8 Be7 36.Bc5 Kg8 37.Rd5 Bg5 38.e6 Rbxc8 39.dxc8=Q Rxc8 40.Rxg5 
Bc6+ 41.Ke3 Re8 42.e7 h6 43.Rg4 Nc7 44.Rd4 g6 45.Bd7 Bxd7 46.Rxd7 Ne6 47.
Bxb4 Ra8 48.a3 f5 49.Ba5 Kf7 50.Rd8 1-0

[Event "35th Asia-ch U20"]
[Site "Sharjah UAE"]
[Date "2013.04.01"]
[Round "3.19"]
[White "Madhurima, Shekhar"]
[Black "Al-Zarouni, Aisha"]
[Result "1-0"]
[WhiteElo "1991"]
[BlackElo "1699"]

1.e4 e5 2.Nf3 Nc6 3.d4 exd4 4.Nxd4 Nf6 5.Nxc6 dxc6 6.Qxd8+ Kxd8 7.Bg5 Be7 
8.Nc3 Be6 9.f4 h6 10.O-O-O+ Kc8 11.Bh4 Nxe4 12.Bxe7 Nf2 13.Bd3 Nxh1 14.
Rxh1 Re8 15.Bh4 Bd5 16.b3 f6 17.Bf5+ Be6 18.Re1 Kd7 19.Rd1+ Ke7 20.Bg6 
Red8 21.Re1 Kd7 22.Ne4 b6 23.c4 Rf8 24.Ng3 Rad8 25.Nh5 Bg4 26.Nxg7 Rg8 27.
Bxf6 Rxg7 28.Bxg7 Rg8 29.f5 Rxg7 30.h3 Bxf5 31.Bxf5+ Kd8 32.g4 Rg8 33.Re6 
Rh8 34.Rxc6 h5 35.Re6 hxg4 36.hxg4 Rh1+ 37.Kd2 Rh2+ 38.Re2 Rh8 39.g5 Rg8 
40.g6 Rg7 41.Ke3 Ke7 42.Kf4+ Kf8 43.Kg5 Rg8 44.Kf6 Rg7 45.Be6 Re7 46.Bf7 
1-0

[Event "35th Asia-ch U20"]
[Site "Sharjah UAE"]
[Date "2013.04.01"]
[Round "3.20"]
[White "Abeer, Ali"]
[Black "Khursanova, Farida"]
[Result "0-1"]
[WhiteElo "1683"]
[BlackElo "1913"]

1.e4 c5 2.f4 Nc6 3.Nf3 d6 4.Bb5 Bd7 5.Bxc6 Bxc6 6.d3 g6 7.O-O Bg7 8.Nc3 
Nf6 9.Qe1 O-O 10.Qh4 e6 11.f5 exf5 12.Bh6 Nh5 13.Bxg7 Qxh4 14.Nxh4 Kxg7 
15.exf5 Rae8 16.g4 Nf6 17.g5 Ng4 18.f6+ Kg8 19.Rae1 Ne3 20.Rf2 Re5 21.Ne4 
Bxe4 22.Rxe3 Rxg5+ 23.Rg3 Rxg3+ 24.hxg3 Bc6 25.Re2 Re8 26.Rxe8+ Bxe8 27.g4
h6 28.Kf2 Bd7 29.Kg3 Kh7 30.Ng2 g5 31.Ne3 Be6 32.a3 Kg6 33.c3 Kxf6 34.d4 
cxd4 35.cxd4 d5 36.b4 Kg6 37.Kf3 h5 38.gxh5+ Kxh5 39.Kg3 f5 40.Ng2 f4+ 41.
Nxf4+ gxf4+ 42.Kxf4 Kg6 43.Ke5 Bf7 44.Kd6 Kf5 45.Kc7 Ke4 46.Kxb7 Kxd4 47.
b5 Kc5 48.a4 d4 49.Kxa7 d3 50.b6 Bd5 51.a5 d2 52.a6 d1=Q 53.b7 Bxb7 54.
axb7 Qa4+ 55.Kb8 Kb6 56.Kc8 Qe8# 0-1

[Event "35th Asia-ch U20"]
[Site "Sharjah UAE"]
[Date "2013.04.01"]
[Round "4.13"]
[White "Hakimifard, Ghazal"]
[Black "Nguyen, Thi Mai Hung"]
[Result "1/2-1/2"]
[WhiteElo "2250"]
[BlackElo "2271"]

1.e4 c5 2.Nf3 g6 3.d4 cxd4 4.Nxd4 Nc6 5.Nb3 Nf6 6.Nc3 Bg7 7.Be2 O-O 8.O-O 
d6 9.Re1 Be6 10.Bg5 Rc8 11.Bf1 Re8 12.Nd5 Nd7 13.c3 Nc5 14.Qd2 a6 15.Rad1 
Nxb3 16.axb3 Ne5 17.Kh1 f6 18.Be3 Bf7 19.f4 Nd7 20.f5 Ne5 21.c4 Ng4 22.Bg1
Ne5 23.h3 Kh8 24.Qf4 Qa5 25.Bb6 Qa2 26.Nc7 Qxb3 27.Nxe8 Qxb6 28.Nxg7 Kxg7 
29.b3 g5 30.Qe3 Qc7 31.Rc1 a5 32.Be2 b6 33.g4 Qc5 34.Qxc5 Rxc5 35.Kg2 Nc6 
36.Red1 h6 37.Kf2 Nb4 38.Ke3 1/2-1/2

[Event "35th Asia-ch U20"]
[Site "Sharjah UAE"]
[Date "2013.04.01"]
[Round "4.14"]
[White "Ivana Maria, Furtado"]
[Black "Hoang, Thi Nhu Y"]
[Result "1-0"]
[WhiteElo "2065"]
[BlackElo "2250"]

1.d4 Nf6 2.c4 e6 3.Nf3 Bb4+ 4.Bd2 Qe7 5.g3 O-O 6.Bg2 Ne4 7.O-O d5 8.Be3 
dxc4 9.Qc2 Nd6 10.a3 Ba5 11.Nbd2 Bxd2 12.Nxd2 Bd7 13.Nxc4 Bc6 14.f3 Rd8 
15.Bf2 Nxc4 16.Qxc4 Nd7 17.e4 Nb6 18.Qc2 e5 19.d5 Be8 20.Bc5 Qf6 21.f4 
exf4 22.Rxf4 Qg6 23.Qe2 f6 24.Be7 Nd7 25.Bxd8 Rxd8 26.Rc1 c6 27.dxc6 bxc6 
28.Qc4+ Bf7 29.Qxc6 Ne5 30.Qc7 Re8 31.Rd1 Qh5 32.Rd2 Ng6 33.Rf5 Qh6 34.Rd8
Qe3+ 35.Kh1 Ne5 36.Qe7 Qc1+ 37.Rf1 Qc6 38.Rxe8+ Bxe8 39.Bh3 Bd7 40.Bg2 h5 
41.h3 Qc2 42.Qb4 Kh7 43.Qc3 Qe2 44.Re1 Qf2 45.Qe3 Qxb2 46.Qe2 Qxa3 47.
Qxh5+ Kg8 48.Kh2 a5 49.Rb1 Qd6 50.Rd1 Qf8 51.Qe2 a4 52.Qa2+ Kh7 53.Bf1 Bc6
1-0

[Event "35th Asia-ch U20"]
[Site "Sharjah UAE"]
[Date "2013.04.01"]
[Round "4.15"]
[White "Vo, Thi Kim Phung"]
[Black "Savant, Riya"]
[Result "1-0"]
[WhiteElo "2193"]
[BlackElo "1913"]

1.d4 d5 2.Nf3 Nf6 3.c4 e6 4.Nc3 Be7 5.Bg5 h6 6.Bh4 O-O 7.cxd5 exd5 8.Qc2 
Re8 9.e3 c6 10.Bd3 Ne4 11.Bxe7 Qxe7 12.O-O Bf5 13.Rab1 Nd7 14.b4 Nxc3 15.
Qxc3 Bxd3 16.Qxd3 a6 17.Rfc1 Rec8 18.Nd2 Nb6 19.Qc2 Qd8 20.Qb3 Nd7 21.a4 
Nf6 22.h3 Qb6 23.Rc5 Nd7 24.Rc2 Nf6 25.Qd3 Qd8 26.Nb3 Ne4 27.Nd2 Nd6 28.a5
Qe7 29.Nb3 Qe4 30.Qxe4 Nxe4 31.f3 Nd6 32.Nc5 Nc4 33.Rc3 Rcb8 34.Nd7 Rd8 
35.Nc5 Rdb8 36.Rxc4 dxc4 37.Nd7 Re8 38.Nb6 Rad8 39.Nxc4 Rd5 40.Kf2 f6 41.
Rd1 Red8 42.Ke2 Kf7 43.Rb1 h5 44.g4 hxg4 45.hxg4 Rh8 46.Kd3 Rh2 47.e4 Rd8 
48.Rf1 Ke6 49.Kc3 Rdh8 50.Nb2 Re2 51.Nd3 Kd6 52.e5+ fxe5 53.dxe5+ Rxe5 54.
Nxe5 Kxe5 55.f4+ Kf6 56.Kc4 Rd8 57.Re1 g6 58.Re5 Rd1 59.g5+ Kf7 60.f5 Rc1+
61.Kd4 gxf5 62.Rxf5+ Kg6 63.Re5 Rc2 64.Re7 Rd2+ 65.Kc3 Rd5 66.Rxb7 Kxg5 
67.Rb6 c5 68.Kc4 Rf5 69.bxc5 Rf4+ 70.Kd5 Rf5+ 71.Kc6 Rf6+ 72.Kb7 Rf5 73.c6
Rxa5 74.c7 Rc5 75.Rc6 Rxc6 76.Kxc6 1-0

[Event "35th Asia-ch U20"]
[Site "Sharjah UAE"]
[Date "2013.04.01"]
[Round "4.16"]
[White "Saranya, J"]
[Black "Pujari, Rucha"]
[Result "1-0"]
[WhiteElo "2152"]
[BlackElo "2121"]

1.e4 c5 2.Nf3 e6 3.d4 cxd4 4.Nxd4 a6 5.c4 Nf6 6.Nc3 Qc7 7.Be3 b6 8.a3 Bb7 
9.Bd3 d6 10.b4 Nbd7 11.Rc1 Rc8 12.f4 Be7 13.O-O Qb8 14.Re1 h5 15.Be2 Nxe4 
16.Nxe4 Bxe4 17.Bxh5 Nf6 18.Bf3 d5 19.cxd5 Rxc1 20.Bxc1 Bxd5 21.Qa4+ Kf8 
22.Qxa6 Bd6 23.Bxd5 Nxd5 24.Nc6 Qe8 25.Qc4 Rh5 26.Nd4 Qb8 27.g3 Nf6 28.Bb2
Rd5 29.Rc1 Ng4 30.Qa6 Bc7 31.Nb5 Qd8 32.Rf1 Rd2 33.Bc3 Rxh2 34.Nxc7 Qxc7 
35.Qa8+ Ke7 36.Bxg7 Qd8 37.Bf6+ Nxf6 38.Qxd8+ Kxd8 39.Kxh2 Kc7 40.Rc1+ Kb7
41.Kh3 b5 42.Rc5 Kb6 43.f5 Nd7 44.fxe6 fxe6 45.Rh5 Kc6 46.g4 e5 47.g5 Kd5 
48.Kg4 Ke4 49.g6 Nf6+ 50.Kg5 Ne8 51.Rh7 1-0

[Event "35th Asia-ch U20"]
[Site "Sharjah UAE"]
[Date "2013.04.01"]
[Round "4.18"]
[White "Adhikari, Asmita"]
[Black "Madhurima, Shekhar"]
[Result "0-1"]
[WhiteElo "1700"]
[BlackElo "1991"]

1.e4 e6 2.d4 d5 3.exd5 exd5 4.Be3 Bd6 5.Bd3 Nc6 6.Nf3 Nge7 7.O-O Bg4 8.
Nbd2 Qd7 9.c3 Ng6 10.Re1 O-O-O 11.g3 f5 12.Nb1 f4 13.Bd2 fxg3 14.fxg3 Rhf8
15.Be2 Rde8 16.Rf1 Qe6 17.Rf2 Qf5 18.b4 h5 19.Be1 Rxe2 20.Qxe2 Bxf3 21.
Rxf3 Qxf3 22.Qxf3 Rxf3 23.a4 h4 24.Kg2 Re3 25.Kf2 hxg3+ 26.hxg3 Rxg3 27.b5
Na5 28.Ra2 Rh3 29.Kg1 Nc4 30.Rc2 Nf4 31.Bf2 g5 32.Ra2 g4 33.a5 g3 34.Be1 
g2 35.Rxg2 Nxg2 36.Kxg2 Rh2+ 37.Kg1 Rb2 0-1

[Event "35th Asia-ch U20"]
[Site "Sharjah UAE"]
[Date "2013.04.01"]
[Round "4.19"]
[White "Assaubayeva, Diana"]
[Black "Safar, Reem"]
[Result "1-0"]
[WhiteElo "1966"]
[BlackElo "1716"]

1.c4 e5 2.g3 f5 3.Bg2 Nf6 4.Nc3 g6 5.e3 Bg7 6.Nge2 O-O 7.O-O d6 8.d4 c6 9.
Qb3 e4 10.f3 exf3 11.Bxf3 Qe7 12.Nf4 Kh8 13.Qc2 Re8 14.Rb1 Nbd7 15.b4 Ng4 
16.Nd1 Ngf6 17.b5 c5 18.Qd3 Nb6 19.Nc3 Be6 20.Nxe6 Qxe6 21.Bxb7 Rab8 22.
Bc6 Re7 23.Nd5 Nfxd5 24.cxd5 c4 25.dxe6 cxd3 26.d5 Nc4 27.Rd1 d2 28.Bxd2 
Na3 29.Rb3 Nc4 30.Bc3 Ne5 31.Bxe5 Bxe5 32.Rc1 Rc7 33.Rc4 Rg8 34.Ra4 Rgg7 
35.Ra6 g5 36.a4 f4 37.Kf2 fxg3+ 38.hxg3 Rg8 39.a5 g4 40.b6 1-0

[Event "35th Asia-ch U20"]
[Site "Sharjah UAE"]
[Date "2013.04.06"]
[Round "5.13"]
[White "Nguyen, Thi Mai Hung"]
[Black "Vo, Thi Kim Phung"]
[Result "0-1"]
[WhiteElo "2271"]
[BlackElo "2193"]

1.d4 Nf6 2.Bf4 c5 3.e3 Qb6 4.Nc3 d6 5.Rb1 g6 6.h3 Bg7 7.Nf3 Qa5 8.Bc4 O-O 
9.O-O a6 10.a3 cxd4 11.exd4 b5 12.Bb3 Bb7 13.Qe2 Qd8 14.Rfe1 e6 15.Rbd1 
Bxf3 16.Qxf3 d5 17.Ne2 Nc6 18.c3 Nh5 19.Bc1 a5 20.Nf4 Nxf4 21.Qxf4 Rc8 22.
h4 b4 23.h5 bxc3 24.bxc3 Qb6 25.h6 Bh8 26.Bc2 Nd8 27.Rd3 Rc4 28.Rf3 f5 29.
Qd2 Bf6 30.g4 Qc7 31.gxf5 Bxd4 32.cxd4 Rxc2 33.Qg5 exf5 34.Bf4 Qb6 35.Rfe3
Nf7 36.Qe7 Rcc8 37.Be5 Rfe8 38.Bc7 Rxe7 39.Bxb6 Rxe3 40.Rxe3 a4 41.Bc5 
Nxh6 42.Re7 Ra8 43.Rd7 Ng4 44.Rxd5 Nf6 45.Re5 Re8 46.Kg2 Kf7 47.Rxe8 Kxe8 
48.Kf3 Nd5 49.Ke2 Kd7 50.Kd3 Kc6 51.Ke2 Nc7 52.Kd3 Kb5 53.Bd6 Nd5 54.Be5 
h5 55.Bg3 g5 56.Be5 h4 57.Bh2 g4 58.Bg1 g3 59.fxg3 hxg3 60.Ke2 Kc4 61.Kf3 
Kb3 62.Kxg3 Kxa3 63.Kh4 Kb2 64.Kg5 a3 65.Kxf5 a2 66.Ke5 a1=Q 0-1

[Event "35th Asia-ch U20"]
[Site "Sharjah UAE"]
[Date "2013.04.06"]
[Round "5.14"]
[White "Hakimifard, Ghazal"]
[Black "Ivana Maria, Furtado"]
[Result "1/2-1/2"]
[WhiteElo "2250"]
[BlackElo "2065"]

1.e4 e6 2.d4 d5 3.Nd2 Nf6 4.e5 Nfd7 5.c3 c5 6.Bd3 Nc6 7.Ne2 cxd4 8.cxd4 f6
9.exf6 Nxf6 10.Nf3 Bd6 11.O-O Qc7 12.Nc3 a6 13.Bg5 O-O 14.Rc1 Ng4 15.h3 
Nh2 16.Nxh2 Bxh2+ 17.Kh1 Bf4 18.Bxf4 Qxf4 19.Ne2 Qh4 20.f4 Bd7 21.Qd2 Rf6 
22.Kg1 Raf8 23.a3 Be8 24.Qe3 Kh8 25.Kh2 g5 26.g3 Qh5 27.f5 exf5 28.Bxf5 
Bd7 29.g4 Qe8 30.Qxe8 Rxe8 31.Ng3 Bxf5 32.gxf5 Ref8 1/2-1/2

[Event "35th Asia-ch U20"]
[Site "Sharjah UAE"]
[Date "2013.04.06"]
[Round "5.15"]
[White "Madhurima, Shekhar"]
[Black "Saranya, J"]
[Result "1/2-1/2"]
[WhiteElo "1991"]
[BlackElo "2152"]

1.e4 c5 2.Nc3 d6 3.f4 Nc6 4.Nf3 g6 5.d4 cxd4 6.Nxd4 Bg7 7.Nf3 a6 8.Bd3 Nf6
9.O-O O-O 10.Qe1 Qa5 11.f5 Ne5 12.Qh4 Qc5+ 13.Kh1 b5 14.h3 Bb7 15.Bd2 Rac8
16.a3 Nxf3 17.Rxf3 d5 18.e5 d4 19.fxg6 fxg6 20.exf6 dxc3 21.Bxc3 Bxf6 22.
Bxf6 Bxf3 23.Bxe7 Qd5 24.gxf3 Qxf3+ 25.Kh2 Rxc2+ 26.Bxc2 Qe2+ 27.Kg1 Qe3+ 
28.Kg2 Qe2+ 29.Kh1 Qf3+ 1/2-1/2

[Event "35th Asia-ch U20"]
[Site "Sharjah UAE"]
[Date "2013.04.06"]
[Round "5.16"]
[White "Pujari, Rucha"]
[Black "Assaubayeva, Diana"]
[Result "1-0"]
[WhiteElo "2121"]
[BlackElo "1966"]

1.d4 d5 2.Nf3 Nf6 3.g3 c6 4.Bg2 Bf5 5.O-O h6 6.b3 e6 7.Bb2 Nbd7 8.c4 Be7 
9.Nbd2 O-O 10.e3 a5 11.c5 b6 12.Ne5 Rc8 13.g4 Bh7 14.f4 Nxe5 15.dxe5 Nd7 
16.cxb6 Qxb6 17.Qe2 Bc5 18.Rae1 Qb5 19.Qf3 a4 20.f5 f6 21.g5 fxg5 22.f6 
Qd3 23.Bh3 Bf5 24.Bxf5 Qxf5 25.Qxf5 exf5 26.fxg7 Kxg7 27.e6+ Nf6 28.Rxf5 
Rce8 29.Ne4 Be7 30.Nxf6 Bxf6 31.Rxf6 Rxf6 32.Rf1 Rxe6 33.Rxf6 Rxf6 34.bxa4
c5 35.Bxf6+ Kxf6 36.a5 c4 37.Kf2 1-0

[Event "35th Asia-ch U20"]
[Site "Sharjah UAE"]
[Date "2013.04.06"]
[Round "5.18"]
[White "Savant, Riya"]
[Black "Nandhidhaa, Pv"]
[Result "0-1"]
[WhiteElo "1913"]
[BlackElo "2150"]

1.d4 Nf6 2.Nf3 d5 3.g3 e6 4.Bg2 c6 5.O-O Be7 6.Nbd2 O-O 7.c4 Nbd7 8.Qc2 
Qc7 9.e4 dxe4 10.Nxe4 e5 11.dxe5 Nxe5 12.Bf4 Nxf3+ 13.Bxf3 Qa5 14.Qc3 Qxc3
15.Nxc3 Be6 16.b3 a5 17.Na4 Nd7 18.Rad1 Rfe8 19.Rfe1 Nc5 20.Nc3 h6 21.Ne4 
Nxe4 22.Bxe4 Bb4 23.Re3 Bg4 24.Bf3 Rxe3 25.Bxg4 Re1+ 26.Rxe1 Bxe1 27.a4 
Rd8 28.Be2 Bd2 29.Bc7 Re8 30.Kf1 Bb4 31.Bf4 Rd8 32.Be3 Kf8 33.Kg2 Ke7 34.
h4 Bd2 35.Bb6 Rd7 36.Kf3 Bc3 37.Be3 Bd4 38.Bf4 Ke6 39.Bf1 Be5 40.Bh3+ f5 
41.Bxe5 Kxe5 42.Ke2 Rd4 43.Bg2 Kd6 44.Bh3 f4 45.Bf5 Kc5 46.g4 Kb4 47.Bc8 
b6 48.Bb7 c5 49.Ba6 Kxb3 50.Bb5 Rxc4 51.Bxc4+ Kxc4 52.Kf3 Kd4 53.Kxf4 c4 
0-1